| 000 | 00529nam a2200181 a 4500 | ||
|---|---|---|---|
| 001 | 3517 | ||
| 003 | CDMR | ||
| 005 | 20131002121653.0 | ||
| 008 | 130130s1970||||||||||||||||||||||||||||d | ||
| 040 |
_aCDMR _bcat _cCDMR |
||
| 100 | 1 |
_aBoretsky, Rudolf Andrejevic _92520 |
|
| 245 | 1 | 0 |
_aTelevision journalism _cR. A. Boretsky, A. Yurovsky |
| 260 |
_aPraga _c1970 _bInternational Organization of Journalists |
||
| 490 |
_aJournalist Library _v2 |
||
| 650 | 0 | 4 |
_93706 _aPeriodisme audiovisual |
| 650 | 0 | 4 |
_9597 _aTelevisió |
| 942 |
_cMON _2udc |
||
| 999 |
_c3517 _d3517 |
||